Tín ngưỡng thờ cúng thần Lúa của người Hrê tại xã An Vinh huyện An Lão, tỉnh Bình Định
TM tài liệu tham khảo tr. 154 162; Trình bày cơ sở lý thuyết, đặc điểm văn hóa - xã hội của người Hrê ở Bình Định; tín ngưỡng thờ thần Lúa truyền thống và những biến đổi trong tín ngưỡng thờ thần Lúa của người Hrê trong thời kỳ đổi...
Сохранить в:
| Главный автор: | |
|---|---|
| Другие авторы: | |
| Формат: | |
| Язык: | Undetermined |
| Опубликовано: |
H.
Mỹ thuật
2016
|
| Предметы: | |
| Online-ссылка: | http://lrc.tdmu.edu.vn/opac/search/detail.asp?aID=2&ID=28355 |
| Метки: |
Добавить метку
Нет меток, Требуется 1-ая метка записи!
|
| Thư viện lưu trữ: | Trung tâm Học liệu Trường Đại học Thủ Dầu Một |
|---|
| LEADER | 01411nam a2200217Ia 4500 | ||
|---|---|---|---|
| 001 | TDMU_28355 | ||
| 008 | 210410s9999 xx 000 0 und d | ||
| 082 | |a 973.93 | ||
| 090 | |b NG527 | ||
| 100 | |a Nguyễn, Thị Thanh Xuyên | ||
| 245 | 0 | |a Tín ngưỡng thờ cúng thần Lúa của người Hrê tại xã An Vinh huyện An Lão, tỉnh Bình Định | |
| 245 | 0 | |c Nguyễn Thị Thanh Xuyên | |
| 260 | |a H. | ||
| 260 | |b Mỹ thuật | ||
| 260 | |c 2016 | ||
| 300 | |a 179 tr . | ||
| 520 | |a TM tài liệu tham khảo tr. 154 162; Trình bày cơ sở lý thuyết, đặc điểm văn hóa - xã hội của người Hrê ở Bình Định; tín ngưỡng thờ thần Lúa truyền thống và những biến đổi trong tín ngưỡng thờ thần Lúa của người Hrê trong thời kỳ đổi mới | ||
| 650 | |a Văn hóa dân gian |x Tín ngưỡng |x Thần lúa |x Dân tộc Hrê |z Bình Định (Việt Nam); Dân tộc Hrê |x Văn hóa |x Tín ngưỡng |x Thờ thần lúa; Thần lúa |x Tín ngưỡng |x Dân tộc Hrê |z Bình Định (Việt Nam) | ||
| 700 | |a Hội Văn nghệ dân gian Việt Nam | ||
| 856 | |u http://lrc.tdmu.edu.vn/opac/search/detail.asp?aID=2&ID=28355 | ||
| 980 | |a Trung tâm Học liệu Trường Đại học Thủ Dầu Một | ||